| 000 | 00365nam a2200145Ia 4500 | ||
|---|---|---|---|
| 008 | 230917s9999||||xx |||||||||||||| ||und|| | ||
| 040 |
_e202044 _aMAIN |
||
| 041 | _aEnglish | ||
| 082 | _aB R Publishing Corporation 835 | ||
| 100 | _aRudra, Kalyan | ||
| 245 | 0 | _aNo humdrum life | |
| 260 |
_aRohtak _bThe Bright Law House _c2004 |
||
| 300 | _a186 p. | ||
| 942 | _cBK | ||
| 999 |
_c146538 _d146538 |
||